00326 a2200109 4500001000700000020000600007040001100013100002800024240008000052245007500132362000900207166740 a  cMagnum aMelo, Victor Andrade de10aHistoria da educacao fisica e do esporte no brasil: panorama e perspeslpor10aHistoria da educacao fisica e do esporte no brasil: panorama e perspes0 a1899